000 00735nam1a22002411 4500
001 rc\727281
005 20040301141550.1
035 _a(NLR Aleph) 006320841
090 _a7450236
_c7450236
100 _a20040301d1985 u |0rusy50 ca
101 0 _arus
102 _aRU
105 _ay |||||||||
200 1 _aВнедрен, действует
_eРоман
_f[Худож. Л.Г. Епифанов]
210 _aПетрозаводск
_cКарелия
_d1985
215 _d21
700 1 _aЗахарова
_bЛ. В.
_gЛариса Владимировна
701 1 _aСиренко
_bВ. М.
_gВладимир М.
801 0 _aRU
_bNLR
_gpsbo
801 1 _aRU
_bELAR
_2rusmarc
852 _aNLR
_j87-3/5307
942 _cBOOK
980 _aNB